Größte Städte in Thüringen (mit Karte) - Statistiken

Allgemein
  • Dieses Quiz wurde 8.650 mal gespielt
    6.821 seit der letzten Aktualisierung
  • Das Durchschnittsergebnis liegt bei 17 aus 50
Antworten auf der Karte
Die Antworten werden auf der Karte rot bzw. grün angezeigt, abhängig davon wie oft sie richtig erraten wurden.
 
Antwortstatistiken
Einwohner Kreis Stadt % Korrekt
213.227 Kreisfrei Erfurt
99%
110.502 Kreisfrei Jena
93%
91.368 Kreisfrei Gera
86%
65.138 Kreisfrei Weimar
79%
41.806 Wartburgkreis Eisenach
68%
45.099 Gotha Gotha
61%
36.054 Kreisfrei Suhl
60%
40.563 Nordhausen Nordhausen
56%
30.670 Altenburger Land Altenburg
49%
38.521 Ilm-Kreis Ilmenau
46%
24.538 Schmalkalden-Meiningen Meiningen
44%
23.097 Sonneberg Sonneberg
44%
28.772 Saalfeld-Rudolstadt Saalfeld/Saale
43%
20.021 Greiz Greiz
41%
35.797 Unstrut-Hainich-Kreis Mühlhausen/Thüringen
41%
18.717 Sömmerda Sömmerda
41%
24.450 Saalfeld-Rudolstadt Rudolstadt
40%
22.232 Weimarer Land Apolda
38%
27.330 Ilm-Kreis Arnstadt
36%
19.555 Schmalkalden-Meiningen Schmalkalden
36%
11.660 Hildburghausen Hildburghausen
33%
20.885 Kyffhäuserkreis Sondershausen
31%
17.157 Unstrut-Hainich-Kreis Bad Langensalza
29%
22.976 Wartburgkreis Bad Salzungen
27%
16.899 Eichsfeld Heilbad Heiligenstadt
27%
19.986 Eichsfeld Leinefelde-Worbis
25%
12.532 Schmalkalden-Meiningen Zella-Mehlis
25%
10.673 Saale-Holzland-Kreis Eisenberg
23%
9.022 Saale-Orla-Kreis Neustadt an der Orla
23%
8.800 Saale-Orla-Kreis Schleiz
23%
9.897 Altenburger Land Meuselwitz
22%
9.951 Kyffhäuserkreis Bad Frankenhausen/Kyffhäuser
21%
11.654 Saale-Orla-Kreis Pößneck
21%
13.620 Altenburger Land Schmölln
21%
8.052 Saale-Holzland-Kreis Hermsdorf
19%
15.986 Greiz Zeulenroda-Triebes
19%
8.778 Sonneberg Neuhaus am Rennweg
18%
9.525 Gotha Ohrdruf
17%
8.320 Ilm-Kreis Stadtilm
17%
12.664 Gotha Waltershausen
17%
10.129 Nordhausen Bleicherode
16%
8.173 Greiz Weida
16%
7.940 Gotha Drei Gleichen
14%
10.656 Hildburghausen Schleusingen
14%
9.026 Wartburgkreis Gerstungen
13%
8.761 Ilm-Kreis Geratal
12%
7.966 Ilm-Kreis Amt Wachsenburg
10%
8.498 Sonneberg Föritztal
10%
9.435 Schmalkalden-Meiningen Steinbach-Hallenberg
10%
8.320 Saalfeld-Rudolstadt Unterwellenborn
9%
Keine übereinstimmenden Quizze gefunden
Verteilung der Resultate
Anzahl Personen mit jedem Resultat
Perzentil nach korrekt beantworteten Fragen
Ihre Resultats-Entwicklung
Sie haben dieses Quiz seit der letzten Aktualisierung nicht gespielt